| 000 | 00669nam a22001817a 4500 | ||
|---|---|---|---|
| 999 |
_c56837 _d56837 |
||
| 005 | 20191106115606.0 | ||
| 008 | 190510c2019 ru ||||| |||| 00| 0 rus d | ||
| 022 | _a0321-5075 | ||
| 041 | _aрус | ||
| 245 |
_aАзия и Aфрика : сегодния _b2019. N3 (740) / _cГл. ред.: Васильев А.М. |
||
| 260 |
_aМосква : _bРоссийская академия наук, _c2019. |
||
| 300 | _aV. | ||
| 653 | _aპოლიტიკა და ეკონომიკა | ||
| 653 | _aАзия и африка | ||
| 653 | _aპერიოდიკა | ||
| 700 |
_a Васильев, А.М. _eГл. редактор _91008 |
||
| 942 |
_2udc _cCR |
||